000 00531cam a2200169 4500500
005 20250921003615.0
041 _afre
042 _adc
100 1 0 _aPortevin, Catherine
_eauthor
245 0 0 _aLa Poétique de l’eau. Pour une nouvelle écologie
260 _c2018.
500 _a94
690 _aEau
690 _aJean-Philippe Pierron
786 0 _nPhilosophie Magazine | 121 | 8 | 2018-07-01 | p. 50-51
856 4 1 _uhttps://shs.cairn.info/magazine-philosophie-magazine-2018-8-page-50?lang=fr&redirect-ssocas=7080
999 _c1506659
_d1506659